| 000 | 00361nam a2200133Ia 4500 | ||
|---|---|---|---|
| 008 | 190216s9999||||xx |||||||||||||| ||und|| | ||
| 100 | _a"Bassett. J, Denny. R.C, Jeffrey" | ||
| 245 | 0 | _aTextbook Of Quantitative Inorganic Anaiysis | |
| 250 | _a4th Ed. | ||
| 260 |
_bThe English Language Book Society _c1978 |
||
| 300 | _a925 | ||
| 650 | _aChemistry | ||
| 942 | _cBK | ||
| 999 |
_c2186 _d2186 |
||